Normal view MARC view

Entry Personal Name

Number of records used in: 2

001 - CONTROL NUMBER

  • control field: 255272

003 - CONTROL NUMBER IDENTIFIER

  • control field: OSt

005 - DATE AND TIME OF LATEST TRANSACTION

  • control field: 20220925182017.0

008 - FIXED-LENGTH DATA ELEMENTS

  • fixed length control field: 220925|| aca||aabn | a|a d

040 ## - CATALOGING SOURCE

  • Original cataloging agency: OSt
  • Transcribing agency: OSt

100 ## - HEADING--PERSONAL NAME

  • Personal name: Kruskal William H Ed

670 ## - SOURCE DATA FOUND

  • Source citation: Work cat.: (OSt)500990: Kruskal William H Ed., Social sciences , 1982
Copyright @ Delhi University Library System